Statistics for Mekong River Countries Empty Map Quiz

Click here to take the quiz!

General Stats

  • This quiz has been taken 22,996 times
  • The average score is 6 of 6

Answers on the Map

Answers color-coded by a green-red scale on the quiz's map according to % correct below.
Loading ...
 

Answer Stats

Countries% Correct
China
100%
Vietnam
99%
Cambodia
98%
Laos
98%
Thailand
98%
Myanmar
97%

Score Distribution

Percentile by Number Answered

Percent of People with Each Score

Your Score History

You have not taken this quiz